Alle Vizemeistertrainer der Bundesliga - Statistiken

Allgemein
  • Dieses Quiz wurde 402 mal gespielt
    222 seit der letzten Aktualisierung
  • Das Durchschnittsergebnis liegt bei 32 aus 62
Antwortstatistiken
Saison Vizemeister Trainer % Korrekt
2024/25 Bayer 04 Leverkusen Xabi Alonso
94%
2012/13 Borussia Dortmund Jürgen Klopp
92%
2013/14 Borussia Dortmund Jürgen Klopp
92%
2023/24 VfB Stuttgart Sebastian Hoeneß
91%
2008/09 FC Bayern München Jürgen Klinsmann, Jupp Heynckes
90%
2004/05 FC Schalke 04 Jupp Heynckes, Eddy Achterberg, Ralf Rangnick
89%
1987/88 FC Bayern München Jupp Heynckes
88%
1990/91 FC Bayern München Jupp Heynckes
88%
2010/11 Bayer 04 Leverkusen Jupp Heynckes
88%
2011/12 FC Bayern München Jupp Heynckes
88%
2022/23 Borussia Dortmund Edin Terzić
81%
2015/16 Borussia Dortmund Thomas Tuchel
78%
2005/06 SV Werder Bremen Thomas Schaaf
76%
2007/08 SV Werder Bremen Thomas Schaaf
76%
1995/96 FC Bayern München Otto Rehhagel, Franz Beckenbauer
75%
2021/22 Borussia Dortmund Marco Rose
72%
1982/83 SV Werder Bremen Otto Rehhagel
71%
1984/85 SV Werder Bremen Otto Rehhagel
71%
1985/86 SV Werder Bremen Otto Rehhagel
71%
1994/95 SV Werder Bremen Otto Rehhagel
71%
2017/18 FC Schalke 04 Domenico Tedesco
69%
2002/03 VfB Stuttgart Felix Magath
66%
2009/10 FC Schalke 04 Felix Magath
66%
2020/21 RB Leipzig Julian Nagelsmann
66%
2018/19 Borussia Dortmund Lucien Favre
64%
2019/20 Borussia Dortmund Lucien Favre
64%
1991/92 Borussia Dortmund Ottmar Hitzfeld
64%
2003/04 FC Bayern München Ottmar Hitzfeld
64%
1988/89 1. FC Köln Christoph Daum
60%
1989/90 1. FC Köln Christoph Daum
60%
1996/97 Bayer 04 Leverkusen Christoph Daum
60%
1998/99 Bayer 04 Leverkusen Christoph Daum
60%
1999/00 Bayer 04 Leverkusen Christoph Daum
60%
2000/01 FC Schalke 04 Huub Stevens
59%
1969/70 FC Bayern München Branko Zebec, Udo Lattek
56%
2016/17 RB Leipzig Ralph Hasenhüttl
56%
1970/71 FC Bayern München Udo Lattek
55%
1977/78 Borussia Mönchengladbach Udo Lattek
55%
2014/15 VfL Wolfsburg Dieter Hecking
53%
1997/98 FC Bayern München Giovanni Trapattoni
49%
2001/02 Bayer 04 Leverkusen Klaus Toppmöller
46%
1973/74 Borussia Mönchengladbach Hennes Weisweiler
40%
1979/80 Hamburger SV Branko Zebec
34%
1980/81 Hamburger SV Branko Zebec, Aleksandar Ristić
34%
1983/84 Hamburger SV Ernst Happel
33%
1986/87 Hamburger SV Ernst Happel
33%
2006/07 FC Schalke 04 Mirko Slomka
33%
1992/93 FC Bayern München Erich Ribbeck
30%
1966/67 TSV 1860 München Max Merkel, Hans-Wolfgang Weber, Gunther Baumann
22%
1963/64 Meidericher SV Rudi Gutendorf
12%
1976/77 FC Schalke 04 Friedel Rausch
11%
1993/94 1. FC Kaiserslautern Friedel Rausch
11%
1978/79 VfB Stuttgart Jürgen Sundermann
11%
1965/66 Borussia Dortmund Willi Multhaup
10%
1981/82 1. FC Köln Rinus Michels
9%
1964/65 1. FC Köln Georg Knöpfle
7%
1975/76 Hamburger SV Kuno Klötzer
6%
1971/72 FC Schalke 04 Ivica Horvat
4%
1972/73 1. FC Köln Rudolf Schlott
4%
1967/68 SV Werder Bremen Fritz Langner
2%
1974/75 Hertha BSC Georg Keßler
2%
1968/69 Alemannia Aachen Michael Pfeiffer
1%
Keine übereinstimmenden Quizze gefunden
Verteilung der Resultate
Anzahl Personen mit jedem Resultat
Perzentil nach korrekt beantworteten Fragen
Ihre Resultats-Entwicklung
Sie haben dieses Quiz seit der letzten Aktualisierung nicht gespielt